000 00632cam a22002293a 4500
001 31262
003 PGUSA
005 20140828083657.0
008 100212s2010||||xxu|||||s|||||000 1 eng d
040 _aPGUSA
_beng
042 _adc
050 4 _aPS
100 1 _aFarmer, Philip José,
_d1918-2009
245 1 0 _aRastignac the Devil
_h[electronic resource] /
_cPhilip José Farmer
260 _bProject Gutenberg,
_c2010
506 _aPublic domain in the USA.
516 _aElectronic text
653 _aScience fiction
830 0 _aProject Gutenberg
_v31262
856 4 0 _uhttp://www.gutenberg.org/ebooks/31262
942 _cEB
999 _c260517
_d260517